Collins concise english dictionary. (Record no. 14533)
[ view plain ]
| 000 -LEADER | |
|---|---|
| fixed length control field | 01412nam a2200205 a 4500 |
| 001 - CONTROL NUMBER | |
| control field | ASIN0007365497 |
| 005 - DATE AND TIME OF LATEST TRANSACTION | |
| control field | 20170105102857.0 |
| 008 - FIXED-LENGTH DATA ELEMENTS--GENERAL INFORMATION | |
| fixed length control field | 130910s2012 xxu eng d |
| 020 ## - INTERNATIONAL STANDARD BOOK NUMBER | |
| International Standard Book Number | 0007365497 (hardcover) |
| 020 ## - INTERNATIONAL STANDARD BOOK NUMBER | |
| International Standard Book Number | 9780007365494 (hardcover) |
| 040 ## - CATALOGING SOURCE | |
| Original cataloging agency | 0 |
| 082 ## - DEWEY DECIMAL CLASSIFICATION NUMBER | |
| Classification number | 423 |
| 245 00 - TITLE STATEMENT | |
| Title | Collins concise english dictionary. |
| 250 ## - EDITION STATEMENT | |
| Edition statement | 8th edition. |
| 260 ## - PUBLICATION, DISTRIBUTION, ETC. | |
| Place of publication, distribution, etc. | [S.l.] : |
| Name of publisher, distributor, etc. | Collins, |
| Date of publication, distribution, etc. | 2012. |
| 300 ## - PHYSICAL DESCRIPTION | |
| Extent | 1984 p. ; |
| Dimensions | 24 cm. |
| 520 ## - SUMMARY, ETC. | |
| Summary, etc. | Pioneers in dictionary publishing for over 175 years, Collins are now proud to offer the Concise English Dictionary in print and online. The eighth edition of the groundbreaking Collins Concise Dictionary is the only dictionary in concise format with encyclopedic entries for people, places, and regions. Ideal for families and students, this is essential for anyone who needs a dictionary that supports research in all areas (academic subjects as well as hobbies, sport and recreation) and study. Have confidence - comprehensive and authoritative, with all the words and definitions you need Get it right - language notes help you choose the right words for every situation and give advice on words that are changing in meaning or use. Get there fast - clear layout with colour. Find out more - thousands of entries for people and places. |
| 856 40 - ELECTRONIC LOCATION AND ACCESS | |
| Materials specified | Amazon.com |
| Uniform Resource Identifier | <a href="http://www.amazon.com/exec/obidos/ASIN/0007365497/chopaconline-20">http://www.amazon.com/exec/obidos/ASIN/0007365497/chopaconline-20</a> |
| 942 ## - ADDED ENTRY ELEMENTS (KOHA) | |
| Source of classification or shelving scheme | |
| Koha item type | Reference |
| Withdrawn status | Lost status | Source of classification or shelving scheme | Damaged status | Not for loan | Collection code | Permanent Location | Current Location | Shelving location | Date acquired | Total Checkouts | Full call number | Barcode | Date last seen | Price effective from | Koha item type |
|---|---|---|---|---|---|---|---|---|---|---|---|---|---|---|---|
| Centre for International Peace & Stability (CIPS) | Centre for International Peace & Stability (CIPS) | Reference | 08/02/2013 | 423 COL 2012 | CIPS0000333 | 07/24/2017 | 07/24/2017 | Reference |
